| 000 | 01649cam a2200337 4500 | ||
|---|---|---|---|
| 001 | 10100 | ||
| 003 | BJBSDDR | ||
| 005 | 20250723162807.0 | ||
| 007 | ta | ||
| 008 | 060907s1999 nyu eng | ||
| 020 | _a006095339X | ||
| 020 | _a9780060953393 | ||
| 040 |
_beng _cBJBSDDR |
||
| 041 | _aeng | ||
| 050 | 1 | 4 |
_a302 DD 247 _bH675R 1999 |
| 082 | 0 | 0 | _a943.086/092 |
| 100 | 1 |
_aRosenbaum, Ron _q(Ronald), _d1946- _920739 |
|
| 245 | 1 | 0 |
_aExplaining Hitler : _bthe search for the origens of his evil / _cRon Rosenbaum. |
| 260 |
_aNew York : _bHarperPerennial, _c1999. |
||
| 300 |
_axlvi, 444 pages ; _c21 cm. |
||
| 500 | _aOriginally published: New York : Random House, ©1998 | ||
| 520 | _aWhen Hitler's war ended in 1945, the war over Hitler--who he really was, what gave birth to his unique evil--had just begun. Hitler did not escape the bunker in Berlin but, half a century later, he has managed to escape explanation in ways both frightening and profound. Explaining Hitler is an extraordinary quest, an expedition into the war zone of Hitler theories. This is a passionate, enthralling book that illuminates what Hitler explainers tell us about Hitler, about the explainers, and about ourselves. | ||
| 600 | 1 | 0 |
_aHitler, Adolf, _d1889-1945 _xPsychology. |
| 600 | 1 | 0 |
_aHitler, Adolf, _d1889-1945 _xFamily. |
| 600 | 1 | 4 |
_aHitler, Adolf, _d1889-1945 _9947 |
| 600 | 1 | 4 |
_aHitler, Adolf, _d1889-1945 _xPsicología _943609 |
| 650 | 0 |
_aHeads of state _zGermany _xPsychology. |
|
| 650 | 4 |
_aJefes de Estado _zAlemania _9949 |
|
| 856 | 4 | 2 |
_3Publisher description _uhttp://www.loc.gov/catdir/description/hc043/99025965.html |
| 942 |
_2lcc _cBK |
||
| 999 |
_c23589 _d23589 |
||